000 00437 a2200169 4500
020 _a9780868674704 (pbk.)
020 _a0868674702 (pbk.)
041 _aspa
100 1 _aCowley, Joy
245 1 _aLa senora lavandera
260 _aAuckland, N.Z. : Shortland, c1987.
300 _a16 pages : color illustrations ; .
_c25 cm
440 _aAprendamos a leer.
700 1 _aMelser, June.
700 1 _aFuller, Elizabeth
942 _cBK
999 _c20785
_d20785